Влияние температуры и скорости движения теплоносителя на искусственную сушку формованного торфа; Известия Томского политехнического института [Известия ТПИ]; Т. 111
| Parent link: | Известия Томского политехнического института [Известия ТПИ]/ Томский политехнический институт (ТПИ).— , 1944-1976 Т. 111.— 1961.— [С. 91-94] |
|---|---|
| Yazar: | |
| Diğer Yazarlar: | |
| Özet: | Заглавие с титульного листа Электронная версия печатной публикации |
| Dil: | Rusça |
| Baskı/Yayın Bilgisi: |
1961
|
| Konular: | |
| Online Erişim: | Черно-белая версия для предварительного просмотра Цветная версия без потери качеств |
| Materyal Türü: | MixedMaterials Elektronik Kitap Bölümü |
| KOHA link: | https://koha.lib.tpu.ru/cgi-bin/koha/opac-detail.pl?biblionumber=202554 |
MARC
| LEADER | 00000nla2a2200000 4500 | ||
|---|---|---|---|
| 001 | 202554 | ||
| 005 | 20231031185408.0 | ||
| 035 | |a (RuTPU)RU\TPU\book\220717 | ||
| 035 | |a RU\TPU\book\220712 | ||
| 090 | |a 202554 | ||
| 100 | |a 20111014d1961 k y0rusy50 ca | ||
| 101 | 0 | |a rus | |
| 102 | |a RU | ||
| 135 | |a drnn ---uucaa | ||
| 181 | 0 | |a i | |
| 182 | 0 | |a b | |
| 200 | 1 | |a Влияние температуры и скорости движения теплоносителя на искусственную сушку формованного торфа |b Электронный ресурс |f Н. М. Смольянинова, Я. Л. Котликов | |
| 203 | |a Текст |c электронный | ||
| 215 | |a 2 файла (196 Кб, 3.9 Мб) | ||
| 230 | |a Электронные текстовые данные (2 файла : 196 Кб, 3.9 Мб) | ||
| 300 | |a Заглавие с титульного листа | ||
| 300 | |a Электронная версия печатной публикации | ||
| 320 | |a [Библиогр.: с. 94 (7 назв.)] | ||
| 337 | |a Adobe Reader | ||
| 461 | 1 | |0 (RuTPU)RU\TPU\book\200995 |t Известия Томского политехнического института [Известия ТПИ] |f Томский политехнический институт (ТПИ) |d 1944-1976 | |
| 463 | 1 | |0 (RuTPU)RU\TPU\book\220608 |t Т. 111 |v [С. 91-94] |d 1961 |p 132 с. | |
| 610 | 1 | |a электронный ресурс | |
| 610 | 1 | |a труды учёных ТПУ | |
| 700 | 1 | |a Смольянинова |b Н. М. | |
| 701 | 1 | |a Котликов |b Я. Л. | |
| 801 | 1 | |a RU |b 63413507 |c 20090320 |g PSBO | |
| 801 | 2 | |a RU |b 63413507 |c 20111108 |g PSBO | |
| 856 | 4 | |u http://www.lib.tpu.ru/fulltext/v/Bulletin_TPU/1961/v111/24_bw.pdf |z Черно-белая версия для предварительного просмотра | |
| 856 | 4 | |u http://www.lib.tpu.ru/fulltext/v/Bulletin_TPU/1961/v111/24_full.pdf |z Цветная версия без потери качеств | |
| 942 | |c CF | ||